Výskumy a prieskumy na výstavbe diaľnice na Spiši

Bibliographic Details
Main Author: Javorský, František, 1934-2000 (Author)
Format: Article
Language:Slovak
PhysicalDescription:Fotogr., mp., obr., tab.
ISBN:808870944X
Subjects:

MARC

LEADER 00000nab a2200000 a 4500
001 vtls000770931
003 SK-MaSNL
005 20260304103102.0
008 250429c2000 xo 0 slo
015 |a SNBRA2001/10-29946 
035 |a CLN000122718 
035 |a urn:nbn:sk:snk-abmhw 
035 |a (urnnbn)urn:nbn:sk:snk:ar-a03ylu 
035 |a (uuid)553228ce-6fd8-4997-907e-63f63b1280b9 
040 |a SNKBUCL  |b slo  |c SNKBUCL  |e AACR2 
041 0 |a slo 
044 |a xo  |c SK 
080 |a 903.3/.4(437.6)"63":902  |2 1997 
080 |a 904(437.6):902  |2 1997 
080 |a 902.2(437.6)  |2 1997 
100 1 |a Javorský, František,  |d 1934-2000  |4 aut  |9 37013 
245 1 0 |a Výskumy a prieskumy na výstavbe diaľnice na Spiši  |c František Javorský 
300 |b Fotogr., mp., obr., tab. 
504 |a Res. nem. 
504 |a Bibliogr. odkaz 
650 0 7 |a slovanské sídliská  |2 snkbucl  |9 726293 
650 0 7 |a pravek  |2 snkbucl  |9 4261 
650 0 7 |a sídliská (archeológia)  |2 snkbucl  |9 67918 
651 7 |a Spišský Štvrtok (Slovensko)  |2 snkbucl  |9 54552 
651 7 |a Granč-Petrovce (Slovensko)  |2 snkbucl  |9 59004 
655 7 |a články zo zborníkov  |2 snkbucl  |9 166140 
773 0 |t Archeologické výskumy a nálezy na Slovensku v roku 1998  |d Nitra : Archeologický ústav Slovenskej akadémie vied, 2000  |g S. 104-106  |z 808870944X 
850 |a Slovenská národná knižnica 
852 |a Slovenská národná knižnica 
954 |a odborná, vedecká literatúra pôvodná (slovenská)  |2 lita 
958 |a article27 
958 |a NB 
958 |a OND 
958 |a EUIPO 
999 |c 2848042  |d 2849972